[Event "DSJ Weihnachtsturnier U20 2020"]
[Site "https://play.chessbase.com/en/play?room=DSJWeihnachtU20"]
[Date "2020.12.29"]
[Round "5"]
[White "Rehpenn, Tom"]
[Black "Müller, Fabian"]
[Result "0-1"]
[Termination "time forfeit"]
[Board "21.2"]
[WhiteElo "1419"]
[BlackElo "964"]
[WhiteTeam "TuS Varrel"]
[BlackTeam "SGem Aschheim/Feldkirchen/Kirchheim 2"]
[PlyCount "112"]
[WhiteFideId "16254708"]
[BlackFideId "34607846"]
[EventRounds "7"]
[EventType "team-swiss"]
[EventDate "2020.12.29"]

1. e4 {[%emt 0:00:04]} e6 {[%emt 0:00:40]} 2. d4 {[%emt 0:00:03]} d5 {[%emt
0:00:01]} 3. exd5 {[%emt 0:00:03]} exd5 {[%emt 0:00:00]} 4. Nc3 {[%emt
0:00:03]} Nf6 {[%emt 0:00:02]} 5. Bg5 {[%emt 0:00:03]} c6 {[%emt 0:00:03]} 6.
Nf3 { [%emt 0:00:04]} Bg4 {[%emt 0:00:03]} 7. Be2 {[%emt 0:00:02]} Nbd7 {[%emt
0:00:05]} 8. O-O {[%emt 0:00:09]} Bd6 {[%emt 0:00:01]} 9. h3 {[%emt 0:00:16]}
Bh5 { [%emt 0:00:04]} 10. Re1 {[%emt 0:00:07]} O-O {[%emt 0:00:02]} 11. Nh4
{[%emt 0:00:08]} Bxe2 {[%emt 0:00:07]} 12. Rxe2 {[%emt 0:00:04]} Re8 {[%emt
0:00:02]} 13. Nf5 {[%emt 0:00:27]} Bb4 {[%emt 0:00:35]} 14. a3 {[%emt 0:00:23]}
Bxc3 { [%emt 0:00:05]} 15. bxc3 {[%emt 0:00:03]} Qa5 {[%emt 0:00:09]} 16. Rxe8+
{ [%emt 0:00:16]} Rxe8 {[%emt 0:00:02]} 17. Qd2 {[%emt 0:00:11]} Ne4 {[%emt
0:00:01]} 18. Qe1 {[%emt 0:00:38]} Qxc3 {[%emt 0:00:38]} 19. Qxc3 {[%emt
0:00:37]} Nxc3 {[%emt 0:00:00]} 20. Nd6 {[%emt 0:00:10]} Re2 {[%emt 0:00:18]}
21. Nxb7 { [%emt 0:00:36]} Rxc2 {[%emt 0:00:02]} 22. Re1 {[%emt 0:00:15]} Re2
{[%emt 0:00:02]} 23. Rc1 {[%emt 0:00:26]} Ne4 {[%emt 0:01:00]} 24. Bh4 {[%emt
0:00:30]} Rb2 {[%emt 0:00:58]} 25. Na5 {[%emt 0:00:48]} c5 {[%emt 0:00:42]} 26.
dxc5 { [%emt 0:00:20]} Nexc5 {[%emt 0:00:29]} 27. Rd1 {[%emt 0:00:19]} Nb6
{[%emt 0:00:16]} 28. Nc6 {[%emt 0:00:23]} Rb3 {[%emt 0:00:55]} 29. Re1 {[%emt
0:00:39]} h6 {[%emt 0:00:04]} 30. Re8+ {[%emt 0:00:37]} Kh7 {[%emt 0:00:03]}
31. Nb8 { [%emt 0:00:07]} Nc4 {[%emt 0:00:47]} 32. Nc6 {[%emt 0:00:10]} Nd6
{[%emt 0:00:07]} 33. Rf8 {[%emt 0:00:24]} Rxa3 {[%emt 0:00:09]} 34. Be7 {[%emt
0:00:16]} Ra1+ {[%emt 0:00:13]} 35. Kh2 {[%emt 0:00:06]} Ncb7 {[%emt 0:00:06]}
36. Bxd6 { [%emt 0:00:24]} Nxd6 {[%emt 0:00:04]} 37. Ra8 {[%emt 0:00:13]} Nb5
{[%emt 0:00:18]} 38. Ne5 {[%emt 0:00:03]} f6 {[%emt 0:00:11]} 39. Nf7 {[%emt
0:00:03]} d4 { [%emt 0:00:04]} 40. f4 {[%emt 0:00:08]} Kg6 {[%emt 0:00:18]} 41.
Nh8+ {[%emt 0:00:08]} Kf5 {[%emt 0:00:09]} 42. g4+ {[%emt 0:00:16]} Kxf4 {[%emt
0:00:06]} 43. Ng6+ {[%emt 0:00:02]} Kg5 {[%emt 0:00:00]} 44. h4+ {[%emt
0:00:20]} Kxg6 { [%emt 0:00:03]} 45. Rg8 {[%emt 0:00:02]} Kh7 {[%emt 0:00:03]}
46. Rf8 {[%emt 0:00:02]} Ra2+ {[%emt 0:00:03]} 47. Kg3 {[%emt 0:00:04]} Ra6
{[%emt 0:00:05]} 48. g5 {[%emt 0:00:02]} hxg5 {[%emt 0:00:03]} 49. hxg5 {[%emt
0:00:01]} fxg5 { [%emt 0:00:01]} 50. Kg4 {[%emt 0:00:01]} Rg6 {[%emt 0:00:02]}
51. Rf3 {[%emt 0:00:03]} a5 {[%emt 0:00:10]} 52. Rh3+ {[%emt 0:00:04]} Kg8
{[%emt 0:00:02]} 53. Rh1 {[%emt 0:00:02]} d3 {[%emt 0:00:03]} 54. Ra1 {[%emt
0:00:02]} d2 {[%emt 0:00:03]} 55. Rd1 {[%emt 0:00:03]} Rd6 {[%emt 0:00:03]} 56.
Kxg5 {[%emt 0:00:04]} a4 {[%emt 0:00:01] TimeW} 0-1